| 000 | 00544cam a22001694a 4500 | ||
|---|---|---|---|
| 020 | _a1559639261 (hardcover : alk. paper) | ||
| 020 | _a155963927X (pbk. : alk. paper) | ||
| 040 | _cDLC | ||
| 082 | 0 | 0 | _a333 LSL 2001 A021 Or. |
| 245 | 0 | 0 |
_aReturn of the wild : _bthe future of our natural lands / |
| 260 |
_aWashington, D.C. : _bIsland Press, _cc2001. |
||
| 300 |
_a257 p., [14] p. of plates : _bcol. ill., maps (some col.) ; _c24 cm. |
||
| 650 | 0 | _aWilderness areas | |
| 650 | 0 | _aNature conservation | |
| 700 | 1 | _aKerasote, Ted. | |
| 942 | _cEK | ||
| 999 |
_c12837 _d12837 |
||